[Event "Youth Classic 2018 Juniors Open U18"]
[Site "Bad Soden-Neuenhain, Bürgerhau"]
[Date "2018.10.01"]
[Round "3.7"]
[White "Lassek, Bjarne"]
[Black "Buchholz, Jan"]
[Result "1/2-1/2"]
[WhiteElo "1120"]
[BlackElo "994"]
[PlyCount "112"]
[EventDate "2018.??.??"]
[WhiteTeam "SC Nied"]
[BlackTeam "SK Langen"]

1. e4 c5 2. Nf3 Nc6 3. d4 cxd4 4. Nxd4 g6 5. Bc4 Bg7 6. Be3 Nf6 7. Nc3 O-O 8.
O-O a6 9. a4 e6 10. f4 d5 11. exd5 exd5 12. Ba2 Ng4 13. Nxc6 bxc6 14. Bd4 Qh4
15. h3 Qg3 16. hxg4 Bxg4 17. Bf2 Qxf2+ 18. Rxf2 Bxd1 19. Rxd1 Rab8 20. Bb3 Rfd8
21. Rfd2 Bh6 22. Rd4 Bg7 23. R4d3 Rb4 24. Na2 Rxf4 25. c4 Bxb2 26. Nb4 Rc8 27.
cxd5 Rxb4 28. d6 Rd8 29. Rb1 Bd4+ 30. Kh1 Rxd6 31. Bxf7+ Kxf7 32. Rxb4 Bc5 33.
Rxd6 Bxb4 34. Rxc6 a5 35. Kg1 Kg7 36. g4 Kh6 37. Kg2 Kg5 38. Rc7 h6 39. Rc6 Ba3
40. Re6 Bb2 41. Kg3 Bc3 42. Rb6 Be5+ 43. Kf3 Bc3 44. Rb5+ Kh4 45. Kf4 Bd2+ 46.
Kf3 Bc3 47. Rd5 Bb4 48. Kf4 g5+ 49. Kf3 h5 50. gxh5 Kxh5 51. Kg3 Be1+ 52. Kh3
Bb4 53. Rd8 Bc3 54. Rd7 Bb4 55. Rh7+ Kg6 56. Rd7 Kh5 1/2-1/2

[Event "Youth Classic 2018 Juniors Open U18"]
[Site "Bad Soden-Neuenhain, Bürgerhau"]
[Date "2018.10.01"]
[Round "3.8"]
[White "Badan, Tarkan"]
[Black "Edelmann, Viktor"]
[Result "1-0"]
[WhiteElo "1112"]
[BlackElo "1399"]
[PlyCount "95"]
[EventDate "2018.??.??"]
[WhiteTeam "Frankfurter TV"]
[BlackTeam "SC Frankfurt-West"]

1. e4 e5 2. Nf3 Nc6 3. Nc3 d6 4. Bc4 h6 5. O-O Nf6 6. d4 Bg4 7. Qd3 Bxf3 8.
Qxf3 Nxd4 9. Qd3 Qd7 10. Be3 Nc6 11. Bb5 a6 12. Ba4 b5 13. Bb3 Rd8 14. Nd5 Rc8
15. Bd2 Qg4 16. Nxf6+ gxf6 17. Bxf7+ Kd7 18. c3 Rh7 19. Bd5 Ne7 20. Bb7 Rb8 21.
Bxa6 c6 22. a4 Rg7 23. g3 bxa4 24. Qc2 Ng6 25. Rfd1 Nh4 26. Bf1 Nf3+ 27. Kh1
Rg8 28. Qxa4 Rxb2 29. Qa7+ Ke6 30. Bc4+ d5 31. exd5+ Kd6 32. Qa3+ Kc7 33. Qxb2
Bc5 34. dxc6 Rb8 35. Qc2 Qh3 36. Qh7+ Be7 37. Qxh6 Qg4 38. Be2 Bc5 39. Qh7+
Kxc6 40. Be3 Qe4 41. Qxe4+ Kc7 42. Qxf3 Rh8 43. Bxc5 e4 44. Qf4+ Kc8 45. Qd6
Rxh2+ 46. Kxh2 e3 47. Qd7+ Kb8 48. Bd6# 1-0

[Event "Youth Classic 2018 Juniors Open U18"]
[Site "Bad Soden-Neuenhain, Bürgerhau"]
[Date "2018.10.01"]
[Round "3.9"]
[White "Rakhletskyy, Bohdan"]
[Black "Hegmann, Kolja"]
[Result "0-1"]
[WhiteElo "796"]
[BlackElo "1614"]
[PlyCount "36"]
[EventDate "2018.??.??"]
[WhiteTeam "SC Nied"]
[BlackTeam "TuS Makkabi"]

1. e4 e6 2. Nf3 d5 3. e5 c5 4. d4 Nc6 5. c3 cxd4 6. cxd4 Bb4+ 7. Bd2 Qb6 8. Qa4
Bxd2+ 9. Nbxd2 Qxb2 10. Nb3 Bd7 11. Bd3 Qc3+ 12. Ke2 a6 13. Qa3 Nb4 14. Rhd1
Nxd3 15. Qc5 Nxc5 16. Rac1 Bb5+ 17. Rd3 Qxd3+ 18. Ke1 Qe2# 0-1

[Event "Youth Classic 2018 Juniors Open U18"]
[Site "Bad Soden-Neuenhain, Bürgerhau"]
[Date "2018.10.01"]
[Round "3.10"]
[White "Gertel, Josef"]
[Black "Reichel, Björn"]
[Result "1/2-1/2"]
[WhiteElo "1291"]
[BlackElo "1484"]
[PlyCount "84"]
[EventDate "2018.??.??"]
[WhiteTeam "SC Frankfurt-West"]
[BlackTeam "SV Ginsheim"]

1. e4 c5 2. Nf3 d6 3. Nc3 Nf6 4. d4 cxd4 5. Nxd4 g6 6. Bc4 Bg7 7. O-O O-O 8.
Be3 Nc6 9. Nxc6 bxc6 10. Qd2 Bb7 11. Bh6 c5 12. Bxg7 Kxg7 13. Bd5 Qb6 14. Rab1
Rab8 15. Rfe1 Rfd8 16. Bxb7 Qxb7 17. Nd5 Qd7 18. Nxf6 exf6 19. Qd5 Qa4 20. Re2
Qa3 21. c3 Qxc3 22. h3 Qe5 23. Qxe5 dxe5 24. Rc1 Rb5 25. b3 Rd4 26. f3 a5 27.
Rec2 a4 28. Rxc5 Rxc5 29. Rxc5 Rd2 30. bxa4 Rxa2 31. a5 Kf8 32. Rb5 Ke7 33.
Rb7+ Kf8 34. Rb8+ Kg7 35. Rb5 Kh6 36. Kh2 Kg5 37. Rb7 Rxa5 38. Rxf7 h5 39. h4+
Kxh4 40. Rxf6 Kg5 41. Re6 Rc5 42. Ra6 Rb5 1/2-1/2

[Event "Youth Classic 2018 Juniors Open U18"]
[Site "Bad Soden-Neuenhain, Bürgerhau"]
[Date "2018.10.01"]
[Round "3.11"]
[White "Le, Tung Lam"]
[Black "Wagner, Valerian"]
[Result "1-0"]
[WhiteElo "1371"]
[BlackElo "773"]
[PlyCount "57"]
[EventDate "2018.??.??"]
[WhiteTeam "SC Nied"]
[BlackTeam "SC Bad Soden"]

1. e4 e5 2. Nf3 Nc6 3. Bb5 Bc5 4. c3 Nf6 5. d4 exd4 6. cxd4 Bb4+ 7. Nc3 Ne7 8.
Bd3 d6 9. O-O O-O 10. Qb3 Ba5 11. Qc2 Be6 12. e5 dxe5 13. dxe5 Bf5 14. Bxf5
Nxf5 15. Qxf5 Ne8 16. Rd1 Qe7 17. Bg5 f6 18. exf6 Nxf6 19. Bxf6 Rxf6 20. Qxa5
b6 21. Qd5+ Kf8 22. Qxa8+ Kf7 23. Nd5 Qe6 24. Nxf6 Qxf6 25. Rd7+ Ke6 26. Qe8+
Kf5 27. Rd5+ Kf4 28. Qe3+ Kg4 29. h3# 1-0

[Event "Youth Classic 2018 Juniors Open U18"]
[Site "Bad Soden-Neuenhain, Bürgerhau"]
[Date "2018.10.01"]
[Round "4.1"]
[White "Hagner, Bennet"]
[Black "Lange, Lars"]
[Result "0-1"]
[WhiteElo "1992"]
[BlackElo "1848"]
[PlyCount "92"]
[EventDate "2018.??.??"]
[WhiteTeam "Frankfurter TV"]
[BlackTeam "Sfr. Kelkheim"]

1. d4 Nf6 2. c4 g6 3. Nc3 d5 4. Nf3 Bg7 5. cxd5 Nxd5 6. e4 Nxc3 7. bxc3 O-O 8.
Bc4 c5 9. e5 Nc6 10. O-O Bg4 11. Be2 cxd4 12. cxd4 Bxf3 13. Bxf3 Qxd4 14. Qxd4
Nxd4 15. Bb2 Nxf3+ 16. gxf3 Rac8 17. Rac1 Bh6 18. Rxc8 Rxc8 19. Rd1 Rc2 20.
Rd8+ Kg7 21. Bd4 Bf4 22. Rd7 e6 23. Rxb7 Rxa2 24. Rxa7 Rxa7 25. Bxa7 Bxe5 26.
Be3 f5 27. f4 Bf6 28. Kg2 h6 29. Kg3 g5 30. f3 Kg6 31. h3 e5 32. fxe5 Bxe5+ 33.
f4 Bxf4+ 34. Bxf4 gxf4+ 35. Kxf4 Kf6 36. Kf3 Ke5 37. Ke3 f4+ 38. Kf2 Ke4 39.
Ke2 h5 40. h4 f3+ 41. Kf2 Kf4 42. Kf1 Kg3 43. Kg1 Kxh4 44. Kf2 Kg4 45. Kg1 Kg3
46. Kh1 Kf2 0-1

[Event "Youth Classic 2018 Juniors Open U18"]
[Site "Bad Soden-Neuenhain, Bürgerhau"]
[Date "2018.10.01"]
[Round "4.2"]
[White "Boder, Jan"]
[Black "Vakulenko, Oleksandr"]
[Result "0-1"]
[WhiteElo "1874"]
[BlackElo "1999"]
[PlyCount "90"]
[EventDate "2018.??.??"]
[WhiteTeam "SG Mörsdorf-Lahr"]
[BlackTeam "Gambit Kiew"]

1. c4 c5 2. g3 Nc6 3. Bg2 g6 4. Nc3 Bg7 5. d3 e6 6. e4 Nge7 7. Nge2 O-O 8. O-O
d6 9. f4 Nd4 10. Be3 Nec6 11. Rb1 a6 12. a3 Qa5 13. Bf2 Bd7 14. Nxd4 Nxd4 15.
Ne2 Ba4 16. b3 Nxe2+ 17. Qxe2 Bc6 18. a4 b5 19. e5 Bxg2 20. Kxg2 bxa4 21. bxa4
Qxa4 22. Rb6 dxe5 23. fxe5 Rfc8 24. Qf3 Ra7 25. Qe4 Qd7 26. Rfb1 Qc7 27. Rd6
Bf8 28. Rdb6 a5 29. Rb7 Rxb7 30. Rxb7 Qd8 31. Be1 Ra8 32. Qf3 Qe8 33. Rxf7 Qxf7
34. Qxa8 Qf5 35. Qxa5 Qxd3 36. Qc3 Qe4+ 37. Kg1 Bg7 38. Bf2 Bxe5 39. Qb3 Bd4
40. Qb8+ Kg7 41. Qc7+ Kh6 42. Qc8 Qe1+ 43. Kg2 Qxf2+ 44. Kh3 Qf1+ 45. Kg4 Qf5+
0-1

[Event "Youth Classic 2018 Juniors Open U18"]
[Site "Bad Soden-Neuenhain, Bürgerhau"]
[Date "2018.10.01"]
[Round "4.3"]
[White "Deppe, Leo Max"]
[Black "Karl, Florian"]
[Result "1-0"]
[WhiteElo "1895"]
[BlackElo "1608"]
[PlyCount "91"]
[EventDate "2018.??.??"]
[WhiteTeam "SC Bad Soden"]
[BlackTeam "SK Langen"]

1. d4 d5 2. c4 c6 3. cxd5 cxd5 4. Bf4 Nf6 5. Nc3 e6 6. e3 Bd6 7. Bxd6 Qxd6 8.
Bd3 O-O 9. f4 Nc6 10. Nf3 Ng4 11. Bxh7+ Kxh7 12. Ng5+ Kg8 13. Qxg4 f6 14. Nf3
Qb4 15. O-O Qxb2 16. Rfc1 Qa3 17. Qg3 Ne7 18. Nh4 Bd7 19. Qe1 Qd6 20. Rab1 Bc6
21. Qd1 Qd7 22. g4 Rad8 23. Rb2 a6 24. Nf3 Rb8 25. g5 fxg5 26. Nxg5 Rf6 27. Rg2
Nf5 28. Qf1 Rc8 29. Nf3 Qe7 30. Ne5 Qa3 31. Rcc2 Qa5 32. Qe2 Bb5 33. Qd2 Bc4
34. e4 Ne7 35. Nxd5 Qxd2 36. Nxf6+ Kf8 37. Nfd7+ Ke8 38. Rgxd2 b5 39. Nb6 Rc7
40. Nbxc4 bxc4 41. Nxc4 Kd8 42. d5 exd5 43. exd5 Rd7 44. Nb6 Rc7 45. Rxc7 Kxc7
46. d6+ 1-0

[Event "Youth Classic 2018 Juniors Open U18"]
[Site "Bad Soden-Neuenhain, Bürgerhau"]
[Date "2018.10.01"]
[Round "4.5"]
[White "Gallasch, Robin"]
[Black "Iliev, Mustafa Batuhan"]
[Result "0-1"]
[WhiteElo "1822"]
[BlackElo "2046"]
[PlyCount "94"]
[EventDate "2018.??.??"]
[WhiteTeam "SG Porz"]
[BlackTeam "SV Großauheim"]

1. d4 f5 2. Bg5 g6 3. e3 Bg7 4. Nf3 d6 5. Bc4 Nf6 6. O-O e6 7. Nc3 d5 8. Be2 h6
9. Bf4 O-O 10. Nb5 Na6 11. c4 Ne4 12. Rc1 c6 13. Nc3 Nc7 14. cxd5 Nxc3 15. bxc3
Nxd5 16. Be5 Nf6 17. Qb3 b6 18. c4 Ba6 19. Rfd1 Qe7 20. Qa4 Qb7 21. Bf1 Rac8
22. c5 Bxf1 23. Kxf1 b5 24. Qa5 Nd5 25. Bd6 Rfd8 26. Rd3 Qf7 27. Rb1 Rd7 28.
Qa6 Qe8 29. a4 b4 30. Ne1 f4 31. exf4 Rf7 32. g3 Qd7 33. Be5 Bf8 34. Nc2 Qb7
35. Qc4 a5 36. Ne3 g5 37. f5 exf5 38. Nxd5 cxd5 39. Qb5 Qa8 40. Re1 Rb7 41. c6
Rxb5 42. axb5 Qa7 43. Rf3 Qb6 44. Rxf5 Qxb5+ 45. Kg2 Rxc6 46. Bf4 gxf4 47. Re8
Rf6 0-1

[Event "Youth Classic 2018 Juniors Open U18"]
[Site "Bad Soden-Neuenhain, Bürgerhau"]
[Date "2018.10.01"]
[Round "4.6"]
[White "Bajorski, Marius"]
[Black "Lassek, Bjarne"]
[Result "1/2-1/2"]
[WhiteElo "2083"]
[BlackElo "1120"]
[PlyCount "41"]
[EventDate "2018.??.??"]
[WhiteTeam "SV Hofheim"]
[BlackTeam "SC Nied"]

1. e4 e5 2. Nf3 Nc6 3. Bc4 Bc5 4. c3 Nf6 5. d3 d6 6. Bb3 Bg4 7. Nbd2 Qd7 8. O-O
Bh5 9. h3 O-O-O 10. a4 Rdg8 11. Bd5 g5 12. Bxc6 bxc6 13. Nb3 g4 14. Nxc5 dxc5
15. Nxe5 gxh3 16. Nxd7 Rxg2+ 17. Kh1 Bxd1 18. Rxd1 Ng4 19. Be3 Rh2+ 20. Kg1
Rg2+ 21. Kh1 1/2-1/2

[Event "Youth Classic 2018 Juniors Open U18"]
[Site "Bad Soden-Neuenhain, Bürgerhau"]
[Date "2018.10.01"]
[Round "4.7"]
[White "Buchholz, Jan"]
[Black "Stobbe, Frederik"]
[Result "0-1"]
[WhiteElo "994"]
[BlackElo "1863"]
[PlyCount "52"]
[EventDate "2018.??.??"]
[WhiteTeam "SK Langen"]
[BlackTeam "SC Bad Soden"]

1. d4 Nf6 2. c4 g6 3. Nc3 Bg7 4. Nf3 d6 5. Bg5 h6 6. Bh4 O-O 7. Qd2 Kh7 8. e4
c5 9. Be2 Nc6 10. O-O g5 11. Bg3 g4 12. e5 gxf3 13. Bd3+ Kh8 14. exf6 exf6 15.
d5 Nd4 16. Bf4 f5 17. Bxh6 Qh4 18. Bxg7+ Kxg7 19. Nb5 fxg2 20. Kxg2 Qg4+ 21.
Kh1 Qf3+ 22. Kg1 Kh7 23. Qg5 Rg8 24. Qxg8+ Kxg8 25. Nxd4 cxd4 26. Bc2 f4 0-1

[Event "Youth Classic 2018 Juniors Open U18"]
[Site "Bad Soden-Neuenhain, Bürgerhau"]
[Date "2018.10.01"]
[Round "4.8"]
[White "Hegmann, Kolja"]
[Black "Le, Tung Lam"]
[Result "0-1"]
[WhiteElo "1614"]
[BlackElo "1371"]
[PlyCount "48"]
[EventDate "2018.??.??"]
[WhiteTeam "TuS Makkabi"]
[BlackTeam "SC Nied"]

1. e4 c5 2. Nf3 e6 3. d4 cxd4 4. Nxd4 Nc6 5. Nxc6 bxc6 6. Nc3 d5 7. Be2 Nf6 8.
Bg5 Be7 9. e5 Nd7 10. Bf4 Bg5 11. Qd4 c5 12. Qa4 O-O 13. Bb5 Nb6 14. Bxg5 Qxg5
15. Qa3 Qxe5+ 16. Kf1 Bb7 17. Qxc5 Rac8 18. Qa3 d4 19. Re1 Qg5 20. Ne4 Qxb5+
21. Kg1 Bxe4 22. Rxe4 Rxc2 23. g3 Rc1+ 24. Kg2 Rxh1 0-1

[Event "Youth Classic 2018 Juniors Open U18"]
[Site "Bad Soden-Neuenhain, Bürgerhau"]
[Date "2018.10.01"]
[Round "4.9"]
[White "Schubert, Ansgar"]
[Black "Gertel, Josef"]
[Result "1-0"]
[WhiteElo "1116"]
[BlackElo "1291"]
[PlyCount "45"]
[EventDate "2018.??.??"]
[WhiteTeam "SC Bad Soden"]
[BlackTeam "SC Frankfurt-West"]

1. e4 e5 2. Nf3 Nc6 3. Bb5 d6 4. O-O Bd7 5. c3 Nf6 6. Re1 Na5 7. Ba4 Bxa4 8.
Qxa4+ Nc6 9. d4 Nd7 10. Be3 Nb6 11. Qb3 Qd7 12. Qc2 Ne7 13. Nbd2 f5 14. dxe5
dxe5 15. Nxe5 Qe6 16. Ndf3 Nd7 17. Bf4 g6 18. Ng5 Qf6 19. Nxd7 Kxd7 20. Rad1+
Kc8 21. Qd3 Bh6 22. Qd7+ Kb8 23. Qxc7# 1-0

[Event "Youth Classic 2018 Juniors Open U18"]
[Site "Bad Soden-Neuenhain, Bürgerhau"]
[Date "2018.10.01"]
[Round "4.10"]
[White "Reichel, Björn"]
[Black "Rakhletskyy, Bohdan"]
[Result "1-0"]
[WhiteElo "1484"]
[BlackElo "796"]
[PlyCount "55"]
[EventDate "2018.??.??"]
[WhiteTeam "SV Ginsheim"]
[BlackTeam "SC Nied"]

1. e4 e5 2. Nf3 Nf6 3. Nxe5 Qe7 4. d4 Nxe4 5. Bd3 d5 6. O-O Nc6 7. Nxc6 bxc6 8.
Re1 Bf5 9. f3 Qe6 10. Nc3 Bb4 11. fxe4 dxe4 12. a3 Bxc3 13. bxc3 O-O 14. Bf4
Rfe8 15. Be2 Qd7 16. Be3 Re6 17. Rf1 Rg6 18. Bh5 Rf6 19. Rb1 Bg4 20. Bxg4 Qd6
21. Rxf6 Qxf6 22. Qf1 Qd6 23. Qf4 Qxa3 24. Qxc7 h6 25. Bf5 g6 26. Bxg6 fxg6 27.
Bxh6 Rf8 28. Qg7# 1-0

[Event "Youth Classic 2018 Juniors Open U18"]
[Site "Bad Soden-Neuenhain, Bürgerhau"]
[Date "2018.10.01"]
[Round "4.11"]
[White "Edelmann, Viktor"]
[Black "Wagner, Valerian"]
[Result "1-0"]
[WhiteElo "1399"]
[BlackElo "773"]
[PlyCount "115"]
[EventDate "2018.??.??"]
[WhiteTeam "SC Frankfurt-West"]
[BlackTeam "SC Bad Soden"]

1. e4 e5 2. Nf3 Nc6 3. Nc3 Bc5 4. Bc4 Nf6 5. d3 d6 6. Ng5 Qd7 7. Bxf7+ Kf8 8.
Bb3 d5 9. Qf3 Nd4 10. Qd1 Nxb3 11. axb3 dxe4 12. Ngxe4 Nxe4 13. Nxe4 Bb6 14.
Qf3+ Qf7 15. Qxf7+ Kxf7 16. Rf1 Bd7 17. f4 Ke6 18. Ng5+ Kd5 19. fxe5 Kxe5 20.
Nf7+ Kd4 21. Nxh8 Re8+ 22. Kd2 Rxh8 23. c3+ Ke5 24. Kc2 Bc6 25. Bf4+ Ke6 26.
Rae1+ Kd7 27. Re2 Re8 28. Rxe8 Kxe8 29. Re1+ Kd7 30. g3 Bf2 31. Re2 Bg1 32. h4
Bf3 33. Re1 Bc5 34. Be5 Bf8 35. Rf1 Ke6 36. Rxf3 Kxe5 37. Rxf8 h6 38. Rf7 g6
39. Rxc7 b6 40. Rxa7 Kf5 41. d4 Ke6 42. Ra6 Kd5 43. Rxb6 Ke4 44. Rxg6 h5 45. b4
Kf5 46. b5 Kxg6 47. b6 Kf5 48. b7 Ke4 49. b8=Q Kd5 50. Qb7+ Ke6 51. Kd3 Kd6 52.
Ke4 Ke6 53. Qc6+ Ke7 54. Ke5 Kf7 55. Qb6 Ke7 56. Qb7+ Kf8 57. Kf6 Kg8 58. Qg7#
1-0

[Event "Youth Classic 2018 Juniors Open U18"]
[Site "Bad Soden-Neuenhain, Bürgerhau"]
[Date "2018.10.01"]
[Round "5.1"]
[White "Lange, Lars"]
[Black "Vakulenko, Oleksandr"]
[Result "1/2-1/2"]
[WhiteElo "1848"]
[BlackElo "1999"]
[PlyCount "35"]
[EventDate "2018.??.??"]
[WhiteTeam "Sfr. Kelkheim"]
[BlackTeam "Gambit Kiew"]

1. d4 c5 2. d5 e5 3. e4 d6 4. Nc3 Nf6 5. Nf3 Be7 6. Be2 O-O 7. O-O Ne8 8. Nd2
g6 9. Nc4 Ng7 10. f4 Nd7 11. Nb5 Ne8 12. fxe5 dxe5 13. Bh6 Ng7 14. Bg4 a6 15.
Nbd6 Bxd6 16. Nxd6 Nb6 17. Nxc8 Nxc8 18. Bxc8 1/2-1/2

[Event "Youth Classic 2018 Juniors Open U18"]
[Site "Bad Soden-Neuenhain, Bürgerhau"]
[Date "2018.10.01"]
[Round "5.2"]
[White "Schmohel, Andreas"]
[Black "Deppe, Leo Max"]
[Result "0-1"]
[WhiteElo "1825"]
[BlackElo "1895"]
[PlyCount "76"]
[EventDate "2018.??.??"]
[WhiteTeam "SC Viernheim"]
[BlackTeam "SC Bad Soden"]

1. d4 Nf6 2. c4 e6 3. Nc3 Bb4 4. e3 O-O 5. Bd3 c5 6. Nf3 Nc6 7. O-O Bxc3 8.
bxc3 d6 9. e4 e5 10. Qc2 Re8 11. Ba3 b6 12. Rae1 Bg4 13. dxe5 dxe5 14. Nh4 Nh5
15. g3 Nf4 16. Re3 Re6 17. Ng2 Nxg2 18. Kxg2 Rh6 19. h4 g5 20. f3 Be6 21. hxg5
Qxg5 22. g4 Qh4 23. Rg1 Qh2+ 24. Kf1 Qxc2 25. Bxc2 Bxc4+ 26. Kg2 Rd8 27. Bc1
Rhd6 28. a4 Rd2+ 29. Bxd2 Rxd2+ 30. Kg3 Rxc2 31. Rd1 Bb3 32. Rd7 Bxa4 33. Red3
Bb5 34. Rd1 Rxc3 35. Rh1 Be2 36. Kh4 Rxf3 37. Kg5 Kg7 38. Rh6 Rf4 0-1

[Event "Youth Classic 2018 Juniors Open U18"]
[Site "Bad Soden-Neuenhain, Bürgerhau"]
[Date "2018.10.01"]
[Round "5.3"]
[White "Iliev, Mustafa Batuhan"]
[Black "Hagner, Bennet"]
[Result "1-0"]
[WhiteElo "2046"]
[BlackElo "1992"]
[PlyCount "83"]
[EventDate "2018.??.??"]
[WhiteTeam "SV Großauheim"]
[BlackTeam "Frankfurter TV"]

1. e4 c6 2. d4 d5 3. exd5 cxd5 4. Bd3 Nf6 5. h3 Nc6 6. c3 g6 7. Bf4 Bg7 8. Nf3
O-O 9. O-O Bf5 10. Bxf5 gxf5 11. Qe2 e6 12. Ne5 Nd7 13. Nd2 Ndxe5 14. Bxe5 Nxe5
15. dxe5 Kh8 16. Nf3 Rg8 17. Rad1 Rc8 18. Rd4 f6 19. Re1 Rc7 20. Ra4 fxe5 21.
Nxe5 b5 22. Qxb5 Bxe5 23. Rxe5 Rcg7 24. g3 Qg5 25. Qe2 Qc1+ 26. Kh2 f4 27. g4
Rf8 28. Rb4 a5 29. Ra4 f3 30. Qe1 Qxb2 31. Rxe6 Qb8+ 32. Kg1 Kg8 33. Re5 Rd8
34. Rxa5 d4 35. cxd4 Rb7 36. Rg5+ Kh8 37. Qe5+ Qxe5 38. dxe5 Rb2 39. e6 Re2 40.
Rge5 Re8 41. Rxe2 fxe2 42. Re5 1-0

[Event "Youth Classic 2018 Juniors Open U18"]
[Site "Bad Soden-Neuenhain, Bürgerhau"]
[Date "2018.10.01"]
[Round "5.4"]
[White "Stobbe, Frederik"]
[Black "Boder, Jan"]
[Result "0-1"]
[WhiteElo "1863"]
[BlackElo "1874"]
[PlyCount "114"]
[EventDate "2018.??.??"]
[WhiteTeam "SC Bad Soden"]
[BlackTeam "SG Mörsdorf-Lahr"]

1. e4 c5 2. Nf3 Nc6 3. Bb5 g6 4. O-O Bg7 5. c3 d6 6. a4 Bd7 7. Na3 Nf6 8. Re1
O-O 9. Nc2 a6 10. Bc4 Qc7 11. Ne3 Rab8 12. Nd5 Nxd5 13. exd5 Ne5 14. Nxe5 Bxe5
15. a5 Bb5 16. d3 b6 17. axb6 Rxb6 18. f4 Bf6 19. f5 Qd7 20. fxg6 hxg6 21. Re3
Kg7 22. Rh3 Rh8 23. Rxh8 Kxh8 24. Bxb5 Qxb5 25. Qf3 Qb3 26. g4 Qc2 27. g5 Be5
28. Qh3+ Kg8 29. Be3 Rxb2 30. Rf1 Qxh2+ 31. Qxh2 Bxh2+ 32. Kh1 Be5 33. d4 cxd4
34. cxd4 Bg7 35. Ra1 Rb4 36. Rxa6 Bxd4 37. Ra8+ Kg7 38. Bf4 Bc3 39. Be3 Re4 40.
Bf2 Re5 41. Ra3 Rf5 42. Be3 Be5 43. Ra7 Rf3 44. Bd2 Rh3+ 45. Kg1 Bd4+ 46. Kg2
Bxa7 47. Kxh3 f6 48. Kg4 Kf7 49. Bf4 Bc5 50. Kf3 f5 51. Ke2 e5 52. dxe6+ Kxe6
53. Kd3 Kd5 54. Bh2 Ba3 55. Bf4 Bb2 56. Be3 Be5 57. Ba7 Bf4 0-1

[Event "Youth Classic 2018 Juniors Open U18"]
[Site "Bad Soden-Neuenhain, Bürgerhau"]
[Date "2018.10.01"]
[Round "5.5"]
[White "Karl, Florian"]
[Black "Bajorski, Marius"]
[Result "0-1"]
[WhiteElo "1608"]
[BlackElo "2083"]
[PlyCount "62"]
[EventDate "2018.??.??"]
[WhiteTeam "SK Langen"]
[BlackTeam "SV Hofheim"]

1. d4 e6 2. c4 Nf6 3. Bg5 Be7 4. e3 O-O 5. Bd3 b6 6. Ne2 Bb7 7. O-O c5 8. a3
Nc6 9. dxc5 bxc5 10. Nd2 Ne5 11. Bc2 d5 12. cxd5 exd5 13. Nb3 Qc7 14. Nc3 Rfd8
15. Bf4 a6 16. Re1 Bd6 17. Qe2 d4 18. exd4 Nf3+ 19. gxf3 Bxf4 20. Nxc5 Bxh2+
21. Kh1 Bc6 22. Rad1 Qf4 23. d5 Qh4 24. Kg2 Nh5 25. Bxh7+ Kh8 26. Nd3 Bd7 27.
Qe4 Qh3+ 28. Kh1 Bc7+ 29. Kg1 Qh2+ 30. Kf1 Ng3+ 31. fxg3 Bh3# 0-1

[Event "Youth Classic 2018 Juniors Open U18"]
[Site "Bad Soden-Neuenhain, Bürgerhau"]
[Date "2018.10.01"]
[Round "5.6"]
[White "Le, Tung Lam"]
[Black "Badan, Tarkan"]
[Result "1-0"]
[WhiteElo "1371"]
[BlackElo "1112"]
[PlyCount "49"]
[EventDate "2018.??.??"]
[WhiteTeam "SC Nied"]
[BlackTeam "Frankfurter TV"]

1. e4 e5 2. Nf3 Nc6 3. Bb5 Nf6 4. O-O d6 5. Re1 Bd7 6. c3 Ne7 7. Bxd7+ Qxd7 8.
d4 Ng6 9. Nbd2 O-O-O 10. a4 Ng4 11. h3 Nh6 12. Nc4 Qc6 13. b3 d5 14. exd5 Qxd5
15. Nfxe5 Bd6 16. Nxd6+ Qxd6 17. Bxh6 Nxe5 18. Bxg7 Rhg8 19. Bxe5 Qg6 20. Bg3
f5 21. Qf3 Rdf8 22. Qf4 Rf7 23. Re3 h5 24. Rae1 Rfg7 25. Qxf5+ 1-0

[Event "Youth Classic 2018 Juniors Open U18"]
[Site "Bad Soden-Neuenhain, Bürgerhau"]
[Date "2018.10.01"]
[Round "5.7"]
[White "Lassek, Bjarne"]
[Black "Schubert, Ansgar"]
[Result "1-0"]
[WhiteElo "1120"]
[BlackElo "1116"]
[PlyCount "49"]
[EventDate "2018.??.??"]
[WhiteTeam "SC Nied"]
[BlackTeam "SC Bad Soden"]

1. e4 e5 2. Nf3 Nc6 3. Bc4 Bc5 4. c3 Nf6 5. d3 d6 6. Bb3 O-O 7. Nbd2 Ng4 8. O-O
Be6 9. h3 Nf6 10. Re1 d5 11. exd5 Nxd5 12. Nxe5 Nxe5 13. Rxe5 Qf6 14. d4 Bd6
15. Ne4 Qe7 16. Nxd6 Qxd6 17. Qf3 c6 18. Bc2 Nf6 19. Bh6 Bd5 20. Qg3 Ne8 21.
Bf4 Nf6 22. Qh4 Rad8 23. Rf5 Qe7 24. Rxf6 h6 25. Rxh6 1-0

[Event "Youth Classic 2018 Juniors Open U18"]
[Site "Bad Soden-Neuenhain, Bürgerhau"]
[Date "2018.10.01"]
[Round "5.8"]
[White "Edelmann, Viktor"]
[Black "Gallasch, Robin"]
[Result "0-1"]
[WhiteElo "1399"]
[BlackElo "1822"]
[PlyCount "90"]
[EventDate "2018.??.??"]
[WhiteTeam "SC Frankfurt-West"]
[BlackTeam "SG Porz"]

1. e4 c6 2. Nf3 d5 3. e5 c5 4. c3 Nc6 5. Bb5 Qb6 6. Qb3 e6 7. a4 a6 8. Bxc6+
Qxc6 9. d3 Ne7 10. O-O Ng6 11. Be3 Be7 12. Na3 O-O 13. Qd1 Bd7 14. Nc2 b5 15.
Nce1 Qc7 16. Ng5 h6 17. Nh3 Qxe5 18. Qd2 d4 19. Nf3 dxe3 20. Nxe5 exd2 21. Nxd7
Rfd8 22. Nb6 Rab8 23. a5 Rxd3 24. Rfd1 Bd8 25. f3 Bxb6 26. axb6 Rxb6 27. Nf2
Rd5 28. Ne4 f5 29. Nxd2 Rbd6 30. Kf1 Rxd2 31. Rxd2 Rxd2 32. Rxa6 Kf7 33. Ra7+
Kf6 34. Rc7 c4 35. Rb7 Rxb2 36. h3 Ne5 37. Kg1 Nd3 38. Kh2 b4 39. Kg3 bxc3 40.
Rc7 c2 41. f4 c1=Q 42. Kh4 Qxf4+ 43. g4 Qf2+ 44. Kh5 g6+ 45. Kxh6 Qh4# 0-1

[Event "Youth Classic 2018 Juniors Open U18"]
[Site "Bad Soden-Neuenhain, Bürgerhau"]
[Date "2018.10.01"]
[Round "5.9"]
[White "Buchholz, Jan"]
[Black "Reichel, Björn"]
[Result "0-1"]
[WhiteElo "994"]
[BlackElo "1484"]
[PlyCount "48"]
[EventDate "2018.??.??"]
[WhiteTeam "SK Langen"]
[BlackTeam "SV Ginsheim"]

1. d4 d5 2. c4 e6 3. Nc3 Nf6 4. Nf3 Be7 5. Bg5 O-O 6. e3 b6 7. a3 Nbd7 8. Bd3
dxc4 9. Bxc4 h6 10. Bh4 c5 11. O-O Bb7 12. Re1 Rc8 13. Ba2 Ne4 14. Bxe7 Qxe7
15. Rc1 Rfd8 16. dxc5 Ne5 17. Qc2 Nd3 18. Ra1 Nxe1 19. Rxe1 Nxc3 20. Qxc3 Bxf3
21. gxf3 Rxc5 22. Qb4 Rg5+ 23. Kf1 Qxb4 24. axb4 Rb5 0-1

[Event "Youth Classic 2018 Juniors Open U18"]
[Site "Bad Soden-Neuenhain, Bürgerhau"]
[Date "2018.10.01"]
[Round "5.10"]
[White "Gertel, Josef"]
[Black "Hegmann, Kolja"]
[Result "1-0"]
[WhiteElo "1291"]
[BlackElo "1614"]
[PlyCount "207"]
[EventDate "2018.??.??"]
[WhiteTeam "SC Frankfurt-West"]
[BlackTeam "TuS Makkabi"]

1. e4 e6 2. d4 d5 3. e5 c5 4. Nf3 Nc6 5. g3 Nge7 6. Bg5 Qb6 7. b3 cxd4 8. Bg2
Qa5+ 9. Bd2 Qc5 10. O-O Nf5 11. c3 Be7 12. cxd4 Nfxd4 13. Nxd4 Qxd4 14. Bc3
Qxd1 15. Rxd1 O-O 16. Nd2 b5 17. Nf3 b4 18. Bb2 a5 19. a4 bxa3 20. Bxa3 Bxa3
21. Rxa3 Ba6 22. Bf1 Bxf1 23. Kxf1 f6 24. exf6 Rxf6 25. Nd4 Ne5 26. h3 g5 27.
Re1 Nd3 28. Re2 e5 29. Nb5 Rf7 30. b4 Nxb4 31. Rxe5 h6 32. Nd6 Rf6 33. Nf5 Kf7
34. g4 Kg6 35. Re7 Rc6 36. Re2 Rc1+ 37. Kg2 Ra6 38. Ne7+ Kf7 39. Rf3+ Rf6 40.
Nf5 Kg6 41. Ne7+ Kf7 42. Nf5 Kg6 43. Ne7+ Kf7 44. Nf5 Rc2 45. Nd6+ Kg6 46.
Rxf6+ Kxf6 47. Ne8+ Kf7 48. Nd6+ Kg7 49. Re8 a4 50. Nf5+ Kf7 51. Ra8 Ra2 52.
Ra7+ Ke6 53. Nd4+ Ke5 54. Nf3+ Ke4 55. Re7+ Kd3 56. Re3+ Kc4 57. Ne5+ Kd4 58.
Nf3+ Kc5 59. Rc3+ Kd6 60. Nd4 Ke5 61. Nf3+ Ke4 62. Re3+ Kf4 63. Nd4 Rxf2+ 64.
Kxf2 Nd3+ 65. Rxd3 Ke4 66. Rd1 a3 67. Ke2 a2 68. Nb5 Kf4 69. Ra1 Kg3 70. Rxa2
Kxh3 71. Ra6 Kxg4 72. Rxh6 Kg3 73. Ke3 g4 74. Nc3 d4+ 75. Kxd4 Kf2 76. Ne4+ Kf3
77. Rg6 Kf4 78. Rg8 Kf3 79. Kd3 Kf4 80. Ke2 Kxe4 81. Rxg4+ Kf5 82. Rg1 Ke4 83.
Kf2 Kf4 84. Ra1 Ke4 85. Ra3 Kd4 86. Ke2 Kc4 87. Rh3 Kd4 88. Rg3 Kc4 89. Kd2 Kb4
90. Rc3 Kb5 91. Kd3 Kb4 92. Kd4 Kb5 93. Rc1 Kb6 94. Kd5 Kb7 95. Kd6 Kb8 96. Kd7
Ka7 97. Rb1 Ka6 98. Kc6 Ka5 99. Kc5 Ka4 100. Rb8 Ka3 101. Kc4 Ka2 102. Kc3 Ka1
103. Kc2 Ka2 104. Ra8# 1-0